| 000 | 00904cam a22002295a 4500 | ||
|---|---|---|---|
| 001 | L159381 | ||
| 008 | 170106s2013 xxk f 000 0 eng d | ||
| 020 | _a9781849950961 | ||
| 035 | _a(Sirsi) u159381 | ||
| 041 | 0 | _aeng | |
| 050 | 0 | 4 | _a658.2 |
| 100 | 1 | _aBarker, Ian | |
| 245 | 0 | 2 | _aA practical guide to facilities management |
| 250 | _a1st ed | ||
| 260 |
_aCaithness _bWhittles _c2013 |
||
| 300 |
_axvii,329. _b _c24cm |
||
| 520 | _aProvides an introduction to the principles and practice of facilities management. Topics covered include facility planning, strategy, human resources, workplace productivity, health and safety, security, outsourcing, procurement, service delivery, building performance management, building maintenance, sustainability issues, waste and fleet management. | ||
| 590 | _aKA | ||
| 651 | 4 |
_aUnited Kingdom _y |
|
| 690 |
_aFacilities management _96240 |
||
| 942 | _n0 | ||
| 999 |
_c115850 _d115850 |
||